Discurso leido en la Universidad Central por el Licenciado Don Roman Ortiz y Ortiz en el solemne acto de recibir la investidura de Doctor en Jurisprudencia. (Record no. 161118)

MARC details
000 -LEADER
campo de control de longitud fija 00730nam a22001815i 4500
001 - NÚMERO DE CONTROL
campo de control 161118
003 - IDENTIFICADOR DE NÚMERO DE CONTROL
campo de control ES-MaACL
005 - FECHA Y HORA DE LA ÚLTIMA TRANSACCIÓN
campo de control 20230906212209.0
008 - DATOS DE LONGITUD FIJA--INFORMACIÓN GENERAL
campo de control de longitud fija 020402s1858 sp |||| | spa d
040 ## - FUENTE DE CATALOGACIÓN
Centro catalogador/agencia de origen NA
Lengua de catalogación spa
Centro/agencia transcriptor NA
080 ## - NÚMERO DE LA CLASIFICACIÓN DECIMAL UNIVERSAL
Número de la Clasificación Decimal Universal 326(37)
100 1# - ENTRADA PRINCIPAL--NOMBRE DE PERSONA
Nombre de persona Ortiz y Ortiz, Román.
9 (RLIN) 130721
245 10 - MENCIÓN DEL TÍTULO
Título Discurso leido en la Universidad Central por el Licenciado Don Roman Ortiz y Ortiz en el solemne acto de recibir la investidura de Doctor en Jurisprudencia.
260 ## - PUBLICACIÓN, DISTRIBUCIÓN, ETC.
Lugar de publicación, distribución, etc. Madrid :
Nombre del editor, distribuidor, etc. [s.n.],
Fecha de publicación, distribución, etc. 1858 (
Fabricante establecimiento tipográfico de A. Vicente)
300 ## - DESCRIPCIÓN FÍSICA
Extensión 21 p. ;
Dimensiones 24 cm.
650 #4 - PUNTO DE ACCESO ADICIONAL DE MATERIA--TÉRMINO DE MATERIA
Término de materia o nombre geográfico como elemento de entrada Esclavitud-
Subdivisión geográfica Roma.
9 (RLIN) 139191
852 ## - LOCALIZACIÓN
Ubicación ES-MaACL
Número de control de estantería T-435-F-6
Nota libre -- Enc. hol.
condición física -- Falto de la cub. original
Nota libre -- Enc. en un vol. facticio
Holdings
Estatus retirado Estado de pérdida Estado de daño No para préstamo Colección Biblioteca de origen Biblioteca actual Ubicación en estantería Fecha de adquisición Total de préstamos Signatura topográfica completa Código de barras Visto por última vez Precio de reemplazo Tipo de ítem Koha
        Colección de folletos Biblioteca del Ateneo de Madrid Biblioteca del Ateneo de Madrid Depósito folletos 17/01/2008   T-435-F-6 1168756 23/02/2023 23/02/2023 Folleto